How the polarity of surface reacting with a law-temperature plasma affects the thermodynamic variables in metallurgical reactions

Bibliographic Details
Main Author: Dembovský, Vladimír (Author)
Format: Article
Language:Slovak
English
PhysicalDescription:Obr. 4. Res. rus., lit. 2 zázn. v angl.
Subjects:

MARC

LEADER 00000nab a2200000 a 4500
001 vtls000217892
003 SK-MaSNL
005 20260304234401.0
008 250422c1984 xo 0 slo
015 |a SNBRB19rr/mm-uuuuu 
035 |a CL0228006 
035 |a urn:nbn:sk:snk-ab5t6 
035 |a (urnnbn)urn:nbn:sk:snk:ar-a047u9 
035 |a (uuid)cfa282b6-5bd6-4941-b2f5-887d312167ba 
040 |a SNKBUCL  |b slo  |c SNKBUCL  |e AACR2 
041 0 |a eng 
044 |a xo  |c SK 
080 |a 533.921.5  |2 1981 
100 1 |a Dembovský, Vladimír  |4 aut  |9 368073 
245 1 0 |a How the polarity of surface reacting with a law-temperature plasma affects the thermodynamic variables in metallurgical reactions  |c V. Dembovský 
300 |b Obr. 4. Res. rus., lit. 2 zázn. v angl. 
650 0 7 |a nízkoteplotná plazma  |2 snkbucl  |9 49514 
650 0 7 |a reakcie metalurgické  |2 snkbucl  |9 1570916 
655 7 |a články z novín a časopisov  |2 snkbucl  |9 267496 
773 0 |t Acta physica slovaca  |g Roč. 34, č. 1 (1984), s. 11-18 
850 |a Slovenská národná knižnica 
852 |a Slovenská národná knižnica 
958 |a article27 
958 |a RK 
958 |a OND 
958 |a EUIPO 
992 |a RBX 
999 |c 3203602  |d 3205532